000 00239nam a2200121Ia 4500
100 _a#N/A
650 _aComputer/ IT
942 _cBK
654 _alinux
245 _aLinux for you ; KDE 4.3 Live CD
260 _b#N/A
546 _aENGLISH
999 _c30998
_d30998